<?xml version="1.0" encoding="UTF-8"?><?xml-stylesheet type="text/xsl" href="static/style.xsl"?><OAI-PMH xmlns="http://www.openarchives.org/OAI/2.0/" xmlns:xsi="http://www.w3.org/2001/XMLSchema-instance" xsi:schemaLocation="http://www.openarchives.org/OAI/2.0/ http://www.openarchives.org/OAI/2.0/OAI-PMH.xsd"><responseDate>2026-06-29T02:38:04Z</responseDate><request verb="GetRecord" identifier="oai:docta.ucm.es:20.500.14352/93762" metadataPrefix="marc">https://docta.ucm.es/rest/oai/request</request><GetRecord><record><header><identifier>oai:docta.ucm.es:20.500.14352/93762</identifier><datestamp>2025-09-04T15:15:25Z</datestamp><setSpec>com_20.500.14352_14</setSpec><setSpec>col_20.500.14352_15</setSpec></header><metadata><record xmlns="http://www.loc.gov/MARC21/slim" xmlns:dcterms="http://purl.org/dc/terms/" xmlns:xsi="http://www.w3.org/2001/XMLSchema-instance" xmlns:doc="http://www.lyncode.com/xoai" xsi:schemaLocation="http://www.loc.gov/MARC21/slim http://www.loc.gov/standards/marcxml/schema/MARC21slim.xsd">
   <leader>00925njm 22002777a 4500</leader>
   <datafield ind2=" " ind1=" " tag="042">
      <subfield code="a">dc</subfield>
   </datafield>
   <datafield ind2=" " ind1=" " tag="720">
      <subfield code="a">Martín Romera, María Ángeles</subfield>
      <subfield code="e">author</subfield>
   </datafield>
   <datafield ind2=" " ind1=" " tag="260">
      <subfield code="c">2009</subfield>
   </datafield>
   <datafield ind2=" " ind1=" " tag="520">
      <subfield code="a">Tradicionalmente se ha considerado que las mujeres bajomedievales sólo podían participar en el ámbito comercial a través de la venta al menudeo o como trabajadoras subsidiarias en el negocio familiar. El artículo aporta ejemplos de mujeres de finales del siglo XV, en el Campo de Calatrava, que contradicen dicha imagen y abren nuevas perspectivas en cuanto a la autonomía de la que gozaban, así como del grado de iniciativa que mostraban en un terreno público que la cultura imperante había atribuido al varón.</subfield>
   </datafield>
   <datafield ind1="8" ind2=" " tag="024">
      <subfield code="a">Martín Romera M. Á. . (2009). Mujeres de mercaderes, Mujeres Mercaderes. Testimonios de iniciativas femeninas en el ámbito comercial a finales del siglo XV. En la España Medieval, 32, 273-296.</subfield>
   </datafield>
   <datafield ind1="8" ind2=" " tag="024">
      <subfield code="a">0214-3038</subfield>
   </datafield>
   <datafield ind1="8" ind2=" " tag="024">
      <subfield code="a">https://hdl.handle.net/20.500.14352/93762</subfield>
   </datafield>
   <datafield ind1="8" ind2=" " tag="024">
      <subfield code="a">https://revistas.ucm.es/index.php/ELEM/article/view/ELEM0909110273A</subfield>
   </datafield>
   <datafield ind2="0" ind1="0" tag="245">
      <subfield code="a">Mujeres de mercaderes, Mujeres Mercaderes. Testimonios de iniciativas femeninas en el ámbito comercial a finales del siglo XV</subfield>
   </datafield>
</record></metadata></record></GetRecord></OAI-PMH>